000 00638nam a22002057a 4500
003 KOHA_MİRAKIL
005 20260414080008.0
008 260414b tu ||||| |||| 00| 0 tur d
020 _a9756134046
040 _aTR-AnABB
_btur
_cTR-AnABB
041 _atur
082 _a338.9561
_bBOL 2005
245 0 0 _aBölge kalkınma ajansları :
_bnedir, ne değildir? /
_cDerleyen: Menaf Turan
260 _aAnkara :
_bParagraf Yayınevi,
_c2005
300 _a207 sayfa :
_btablo ;
_c20 cm
650 0 4 _aEkonomik politika
650 0 4 _aEkonomik politika, Türkiye
700 1 _aTuran, Menaf,
_ederleyen
_93402
942 _2ddc
_cBK
999 _c10216
_d10216
900 _bCan ÇELIK